| 000 | 01200nam a22002777a 4500 | ||
|---|---|---|---|
| 001 | 1108 | ||
| 005 | 20250901161953.0 | ||
| 020 | _a9789996305931 | ||
| 040 |
_aFISKH _beng _cFISKH _dFISKH |
||
| 082 | _a204.4 | ||
| 100 | _aVanthary, Oum | ||
| 245 |
_aមួយថ្ងៃរបស់ខ្ញុំ / _bសៀវភៅរូបភាពដំបូង |
||
| 246 |
_aMy Daily Life _bFist picture book |
||
| 250 | _a6th Printing August, 2022. | ||
| 260 |
_aPhnom Penh : _bSipar, _c2022. |
||
| 300 |
_a12 unnumbered pages : _bcolor illustrations, _c17 cm. |
||
| 505 | _aaa | ||
| 520 | _aសៀវភៅនេះរៀបរាប់ពីសកម្មភាប្រចាំថ្ងៃរបស់កុមារចាប់តាំងពីព្រឹករហូតដល់យប់។ | ||
| 520 | _aThis book explains the daily routine of kids from morning till evening. | ||
| 521 |
_a10
_bLexile estimate |
||
| 521 |
_aaa
_bRaz-Plus |
||
| 650 |
_aសកម្មភាពប្រចាំថ្ងៃ _vការរស់នៅ _xរូបភាព |
||
| 650 |
_aDaily activity _vLife _xPictures |
||
| 700 |
_aVisal, Seng _cillustrator |
||
| 942 |
_2ddc _cBK _n0 |
||
| 999 |
_c1108 _d1108 |
||